[Event "23rd EUR-ch"]
[Site "Vrnjacka Banja SRB"]
[Date "2023.03.11"]
[Round "9.97"]
[White "Rahmanidis, Petros"]
[Black "Wachinger, Nikolas"]
[Result "1/2-1/2"]
[WhiteElo "2278"]
[BlackElo "2440"]
[EventDate "2023.03.03"]
[PlyCount "109"]

1.e4 c5 2.Nf3 d6 3.d4 cxd4 4.Nxd4 Nf6 5.Nc3 a6 6.Bg5 e6 7.f4 h6 8.Bh4 Qb6 
9.a3 Be7 10.Bf2 Qc7 11.Qf3 Nc6 12.O-O-O Bd7 13.Rg1 Rc8 14.g4 Nxd4 15.Bxd4 
e5 16.Bf2 Qa5 17.g5 hxg5 18.fxg5 Rxc3 19.bxc3 Nh5 20.c4 Nf4 21.h4 d5 22.
Kb2 dxe4 23.Qb3 Ba4 24.Bb6 Bxb3 25.Bxa5 Ba4 26.Be1 e3 27.Bd3 Bc6 28.Bg3 
Bc5 29.Rge1 Bf3 30.Rb1 Bd4+ 31.Kb3 Ng2 32.Rh1 e4 33.Bf1 Nf4 34.Rh2 Ne6 35.
c3 Bc5 36.Kc2 b6 37.a4 a5 38.Be2 Nxg5 39.hxg5 Rxh2 40.Bxh2 Bxe2 41.Re1 
Bd3+ 42.Kd1 e2+ 43.Kd2 Kd7 44.Bg1 Be7 45.Be3 Kc6 46.Rh1 Bd6 47.g6 f6 48.
Ke1 Bg3+ 49.Bf2 Bf4 50.Rh7 e3 51.Bxe3 Bg3+ 52.Bf2 Be5 53.Bd4 Bg3+ 54.Bf2 
Be5 55.Bd4 1/2-1/2

[Event "23rd EUR-ch"]
[Site "Vrnjacka Banja SRB"]
[Date "2023.03.11"]
[Round "9.98"]
[White "Badelka, Olga"]
[Black "Gombocz, Ferenc jr"]
[Result "0-1"]
[WhiteElo "2428"]
[BlackElo "2311"]
[EventDate "2023.03.03"]
[PlyCount "136"]

1.e4 e5 2.f4 exf4 3.Nf3 Nf6 4.e5 Nh5 5.d4 d5 6.Be2 g6 7.O-O Bh6 8.c4 c6 9.
cxd5 cxd5 10.Nc3 O-O 11.Ne1 Ng7 12.Bxf4 Bxf4 13.Rxf4 Ne6 14.Rf2 Nc6 15.Nc2
Nc7 16.Qd2 f5 17.Nb5 Nxb5 18.Bxb5 Ne7 19.Qb4 a6 20.Ba4 b5 21.Bb3 Be6 22.a4
a5 23.Qd6 Qxd6 24.exd6 Nc8 25.Re2 Bf7 26.d7 Nb6 27.axb5 Rfd8 28.Na3 Rxd7 
29.Rc1 Rc8 30.Rxc8+ Nxc8 31.Rc2 Nb6 32.Rc6 Rb7 33.Kf2 Kf8 34.Nb1 Be8 35.
Rc5 Nd7 36.Rxd5 Bf7 37.Nc3 Bxd5 38.Bxd5 Rb8 39.Bc6 Nb6 40.Ke3 Ke7 41.Kd3 
Kd6 42.b3 Rf8 43.h4 Rf7 44.Nd1 a4 45.bxa4 Nxa4 46.Ke3 Nb6 47.Kf4 Nd5+ 48.
Kg5 Nb4 49.h5 Nxc6 50.bxc6 gxh5 51.Ne3 Kxc6 52.Nxf5 Kd5 53.g3 Ke6 54.Nh6 
Rg7+ 55.Kh4 Rg6 56.d5+ Kxd5 57.Nf7 Ke6 58.Ng5+ Kf5 59.Nf3 Rg4+ 60.Kh3 Ra4 
61.Nh4+ Ke4 62.Ng2 Kf3 63.Ne1+ Ke2 64.Ng2 Ra1 65.Kh4 Kf3 66.Nf4 Rh1+ 67.
Kg5 h6+ 68.Kg6 h4 0-1

[Event "23rd EUR-ch"]
[Site "Vrnjacka Banja SRB"]
[Date "2023.03.11"]
[Round "9.99"]
[White "Martic, Ivan"]
[Black "Fromm, Marius"]
[Result "0-1"]
[WhiteElo "2274"]
[BlackElo "2428"]
[EventDate "2023.03.03"]
[PlyCount "74"]

1.e4 c5 2.Nf3 e6 3.d4 cxd4 4.Nxd4 Nf6 5.Nc3 Nc6 6.a3 d6 7.Be3 Be7 8.Be2 
O-O 9.f4 Qc7 10.Qd2 a6 11.g4 Nxd4 12.Qxd4 e5 13.Qd2 Nxg4 14.Bxg4 Bxg4 15.
f5 Bh5 16.Rg1 Bh4+ 17.Kf1 f6 18.Kg2 g5 19.Raf1 Kg7 20.Bf2 Bxf2 21.Rxf2 h6 
22.h4 Rh8 23.Kh3 Bf7 24.Rf3 Qc5 25.Kh2 Rac8 26.Rh3 Rhg8 27.Rd3 d5 28.exd5 
Qc4 29.Qf2 b5 30.Kh3 Rgd8 31.d6 Qc6 32.Rgd1 Bh5 33.d7 Bxd1 34.dxc8=Q Qh1+ 
35.Qh2 Rxd3+ 36.cxd3 g4+ 37.Kg3 Qf3# 0-1

[Event "23rd EUR-ch"]
[Site "Vrnjacka Banja SRB"]
[Date "2023.03.11"]
[Round "9.100"]
[White "Fataliyeva, Ulviyya"]
[Black "Eren, Ataberk"]
[Result "0-1"]
[WhiteElo "2427"]
[BlackElo "2308"]
[EventDate "2023.03.03"]
[PlyCount "58"]

1.d4 d5 2.Nf3 Nf6 3.Bf4 c5 4.e3 Nc6 5.Nbd2 cxd4 6.exd4 Bf5 7.Bb5 e6 8.h3 
Be7 9.Ne5 Qb6 10.Bxc6+ bxc6 11.Nb3 h6 12.a4 O-O 13.g4 Be4 14.f3 Bh7 15.h4 
Rfd8 16.Bd2 Rdc8 17.Ba5 Qb8 18.g5 Nh5 19.f4 Ng3 20.Rg1 Nf5 21.Qe2 c5 22.
dxc5 Bxc5 23.Rh1 Bb4+ 24.c3 Bxa5 25.Nxa5 Qb6 26.h5 Ng3 27.Qg2 Qe3+ 28.Kd1 
Be4 29.Re1 Qxf4 0-1

[Event "23rd EUR-ch"]
[Site "Vrnjacka Banja SRB"]
[Date "2023.03.11"]
[Round "9.101"]
[White "Ahmad, Khagan"]
[Black "Baum, Jonasz"]
[Result "0-1"]
[WhiteElo "2220"]
[BlackElo "2426"]
[EventDate "2023.03.03"]
[PlyCount "95"]

1.e4 c5 2.Nf3 d6 3.d4 cxd4 4.Nxd4 Nf6 5.Nc3 a6 6.Be3 e5 7.Nb3 Be6 8.f3 h5 
9.Nd5 Bxd5 10.exd5 Nbd7 11.Qd2 g6 12.O-O-O Bg7 13.Na5 Qc7 14.Qc3 Qxc3 15.
bxc3 O-O-O 16.Kb2 Kc7 17.c4 Nc5 18.c3 Nfd7 19.Kc2 f5 20.Be2 Rde8 21.Rb1 
Bh6 22.Bf2 g5 23.Nb3 b6 24.Rhd1 Bg7 25.Nxc5 dxc5 26.Be3 Bh6 27.h3 Kd6 28.
g4 hxg4 29.hxg4 f4 30.Bf2 e4 31.fxe4 Bg7 32.Rh1 Rxe4 33.Bd3 Ree8 34.a4 
Rxh1 35.Rxh1 Rh8 36.Rxh8 Bxh8 37.Bf5 Ne5 38.Kb3 a5 39.Be1 Nf3 40.Bf2 Nd2+ 
41.Kc2 Nxc4 42.Be6 Ne5 43.Bg1 Bf6 44.Bf2 Bd8 45.Bg1 Be7 46.Bf2 Kc7 47.Bg1 
Bd6 48.Bf2 0-1

[Event "23rd EUR-ch"]
[Site "Vrnjacka Banja SRB"]
[Date "2023.03.11"]
[Round "9.102"]
[White "Gajcin, Marina"]
[Black "Levin, Guy"]
[Result "0-1"]
[WhiteElo "2215"]
[BlackElo "2419"]
[EventDate "2023.03.03"]
[PlyCount "112"]

1.e4 g6 2.d4 Bg7 3.Nc3 a6 4.Nf3 d6 5.Be3 b5 6.Bd3 Bb7 7.O-O Nd7 8.a4 b4 9.
Ne2 Ngf6 10.Ng3 h5 11.Bg5 Nh7 12.Bd2 h4 13.Ne2 h3 14.g3 Nhf6 15.Ng5 Bh6 
16.f3 e6 17.c3 bxc3 18.bxc3 c5 19.a5 Bc6 20.Qc2 Kf8 21.Qc1 Kg7 22.Nxf7 
Bxd2 23.Nxd8 Bxc1 24.Nxe6+ Kf7 25.Raxc1 Kxe6 26.d5+ Ke7 27.dxc6 Ne5 28.Bc2
Nxc6 29.Nf4 Rh6 30.Rfe1 Ne5 31.Kf2 g5 32.Nd3 Nfd7 33.f4 Rf6 34.Ke3 Ng4+ 
35.Ke2 Raf8 36.Rh1 Kd8 37.Bb3 Re8 38.Bd5 c4 39.Nf2 Nxf2 40.Kxf2 gxf4 41.
gxf4 Rxf4+ 42.Ke3 Ref8 43.Bxc4 Nc5 44.Bd5 Rf2 45.Rcd1 Na4 46.e5 Nxc3 47.
Rd3 Re2+ 48.Kd4 Nb5+ 49.Kc4 Rf4+ 50.Kb3 Nd4+ 51.Ka3 Nc2+ 52.Kb3 Nb4 53.Bf3
Rb2+ 54.Kxb2 Nxd3+ 55.Kc2 Rxf3 56.exd6 Nb4+ 0-1

[Event "23rd EUR-ch"]
[Site "Vrnjacka Banja SRB"]
[Date "2023.03.11"]
[Round "9.103"]
[White "Shvedova, Alexandra"]
[Black "Kilic, Eray"]
[Result "0-1"]
[WhiteElo "2083"]
[BlackElo "2415"]
[EventDate "2023.03.03"]
[PlyCount "100"]

1.e4 e6 2.d4 d5 3.Nd2 Nc6 4.Ngf3 Nf6 5.e5 Nd7 6.Nb3 f6 7.Bf4 Be7 8.h4 O-O 
9.Qd2 a5 10.a4 fxe5 11.dxe5 Nb4 12.Ng5 Nc5 13.Nxc5 Bxc5 14.O-O-O h6 15.Nh3
d4 16.Bc4 Qe7 17.g4 Bd7 18.g5 h5 19.g6 Nd5 20.Rdg1 Be8 21.Bg5 Qd7 22.Bb5 
c6 23.Bd3 Rf5 24.Bxf5 exf5 25.Qe2 Qe6 26.Qxh5 Bxg6 27.Qf3 Bf7 28.h5 Nb4 
29.Bf6 Bf8 30.h6 Qc4 31.Qxf5 d3 32.c3 Qb3 33.Kd2 Qc2+ 34.Ke3 Qe2+ 35.Kf4 
Nd5+ 36.Kg3 gxf6 37.h7+ Kh8 38.Re1 Qh5 39.Qxd3 fxe5 40.Qe4 Bd6 41.f3 Nf6 
42.Qd3 Bd5 43.Kf2 Qh4+ 44.Ke3 Bc5+ 45.Kd2 e4 46.Qe2 exf3 47.Qe5 f2 48.Ng5 
fxe1=Q+ 49.Rxe1 Qf2+ 50.Kc1 Re8 0-1

[Event "23rd EUR-ch"]
[Site "Vrnjacka Banja SRB"]
[Date "2023.03.11"]
[Round "9.104"]
[White "Gaehwiler, Gabriel"]
[Black "Tifferet, Shaked"]
[Result "1-0"]
[WhiteElo "2413"]
[BlackElo "2219"]
[EventDate "2023.03.03"]
[PlyCount "47"]

1.d4 d5 2.c4 e6 3.Nf3 a6 4.Bg5 Be7 5.Bxe7 Qxe7 6.Nbd2 Nf6 7.g3 b6 8.Rc1 
Bb7 9.Bg2 c5 10.O-O Nbd7 11.cxd5 exd5 12.dxc5 bxc5 13.Qb3 Rb8 14.Qa3 O-O 
15.e3 Rfd8 16.Rfd1 h5 17.Ne1 Bc6 18.Nb3 Ne4 19.Bxe4 Rxb3 20.Qxb3 Qxe4 21.
Qc2 Qg4 22.f3 Qg6 23.Qd2 Re8 24.Ng2 1-0

[Event "23rd EUR-ch"]
[Site "Vrnjacka Banja SRB"]
[Date "2023.03.11"]
[Round "9.105"]
[White "Bosiocic, Marin"]
[Black "Adan Bermudez, Sergio"]
[Result "1-0"]
[WhiteElo "2555"]
[BlackElo "2338"]
[EventDate "2023.03.03"]
[PlyCount "59"]

1.e4 c5 2.Nf3 a6 3.c3 e6 4.d4 d5 5.exd5 Qxd5 6.Nbd2 cxd4 7.Nc4 Bc5 8.cxd4 
Bb4+ 9.Bd2 Bxd2+ 10.Qxd2 Qd8 11.Qg5 Nf6 12.Qc5 Ne4 13.Qe5 Nf6 14.Nd6+ Kf8 
15.Qc5 Nbd7 16.Qa3 Qe7 17.Ng5 Rg8 18.Ngxf7 Ne8 19.Rc1 Ndf6 20.Bc4 Bd7 21.
O-O Rb8 22.d5 Nxd6 23.Nxd6 exd5 24.Rfe1 Be6 25.Bb3 Rd8 26.Nxb7 Qxa3 27.
bxa3 Rb8 28.Rxe6 Rxb7 29.Rc8+ Kf7 30.Rxf6+ 1-0

[Event "23rd EUR-ch"]
[Site "Vrnjacka Banja SRB"]
[Date "2023.03.11"]
[Round "9.106"]
[White "Roebers, Eline"]
[Black "Pultinevicius, Paulius"]
[Result "1/2-1/2"]
[WhiteElo "2362"]
[BlackElo "2546"]
[EventDate "2023.03.03"]
[PlyCount "75"]

1.e4 c6 2.d4 d5 3.e5 Bf5 4.h4 h5 5.Bg5 Qb6 6.Bd3 Qxd4 7.Nf3 Qg4 8.Bxf5 
Qxf5 9.c4 Qe4+ 10.Be3 e6 11.Nbd2 Qd3 12.Rc1 Ne7 13.Rc3 Qg6 14.Qb3 b6 15.
O-O Nd7 16.cxd5 Nxd5 17.Rxc6 Be7 18.Bg5 Nc5 19.Qc4 O-O 20.Qxd5 Bxg5 21.Qc4
Bh6 22.Rd6 Rac8 23.Rc1 Rc7 24.Rc3 Rfc8 25.Qd4 Kh7 26.b4 Nb7 27.Rxc7 Rxc7 
28.Rd7 Qc2 29.Rxc7 Qxc7 30.Nf1 Kg8 31.Ng3 g6 32.Kh2 Qd8 33.Qc4 Kg7 34.Qc6 
Qd5 35.Qc7 Kg8 36.Qc8+ Kg7 37.Qc7 Kg8 38.Qc8+ 1/2-1/2

[Event "23rd EUR-ch"]
[Site "Vrnjacka Banja SRB"]
[Date "2023.03.11"]
[Round "9.107"]
[White "Reshef, Omer"]
[Black "Atakishiyev, Elmar"]
[Result "1/2-1/2"]
[WhiteElo "2492"]
[BlackElo "2344"]
[EventDate "2023.03.03"]
[PlyCount "74"]

1.e4 e6 2.d4 d5 3.Nd2 c5 4.exd5 Qxd5 5.Ngf3 cxd4 6.Bc4 Qd6 7.O-O Nf6 8.Nb3
Nc6 9.Nbxd4 Nxd4 10.Qxd4 Qxd4 11.Nxd4 Bd7 12.Be2 Bc5 13.Nb3 Bb6 14.Bf3 Rc8
15.a4 a5 16.Bd2 Rxc2 17.Bc3 Nd5 18.Bd1 Rxc3 19.bxc3 Nxc3 20.Bf3 Ke7 21.
Rfc1 Rc8 22.Rc2 Kd8 23.Rd2 Ke7 24.Rc2 Kd8 25.Rac1 Nxa4 26.Bxb7 Rb8 27.Bc6 
Bxc6 28.Rxc6 Bxf2+ 29.Kxf2 Rxb3 30.Rc8+ Ke7 31.R1c7+ Kf6 32.Rf8 Rb2+ 33.
Kf3 Rb3+ 34.Kg4 Rb4+ 35.Kh3 Kg5 36.g3 g6 37.Rfxf7 h5 1/2-1/2

[Event "23rd EUR-ch"]
[Site "Vrnjacka Banja SRB"]
[Date "2023.03.11"]
[Round "9.108"]
[White "Szwed, Jacek"]
[Black "Castellanos Rodriguez, Renier"]
[Result "1/2-1/2"]
[WhiteElo "2361"]
[BlackElo "2484"]
[EventDate "2023.03.03"]
[PlyCount "69"]

1.e4 c5 2.Nf3 d6 3.d4 cxd4 4.Qxd4 Nc6 5.Bb5 Bd7 6.Qd3 g6 7.c4 Bg7 8.Nc3 
Nf6 9.O-O O-O 10.h3 a6 11.Bxc6 Bxc6 12.Nd4 Qb6 13.Rd1 Nd7 14.b3 Nc5 15.Qe3
a5 16.Rb1 Rfc8 17.h4 h5 18.Bb2 Nd7 19.Nd5 Bxd5 20.exd5 Bf6 21.Qh6 Ne5 22.
Qf4 a4 23.Nb5 Qd8 24.Nc3 axb3 25.axb3 Qd7 26.Ne4 Bg7 27.c5 Qf5 28.Qxf5 
gxf5 29.Ng3 Rxc5 30.Nxf5 Bf6 31.Bxe5 dxe5 32.Rbc1 Rxc1 33.Rxc1 Ra5 34.Rc7 
Rxd5 35.Rxb7 1/2-1/2

[Event "23rd EUR-ch"]
[Site "Vrnjacka Banja SRB"]
[Date "2023.03.11"]
[Round "9.109"]
[White "Danov, Liubomir"]
[Black "Babazada, Khazar"]
[Result "1/2-1/2"]
[WhiteElo "2349"]
[BlackElo "2481"]
[EventDate "2023.03.03"]
[PlyCount "45"]

1.Nf3 Nf6 2.d4 e6 3.c4 d5 4.g3 dxc4 5.Bg2 Nc6 6.Qa4 Bb4+ 7.Bd2 Nd5 8.Qc2 
b5 9.O-O Bxd2 10.Nbxd2 Rb8 11.a3 O-O 12.b3 c3 13.Ne4 b4 14.axb4 Ncxb4 15.
Qc1 Ba6 16.Re1 c2 17.Nc5 Bb5 18.Qd2 a5 19.Rec1 Qe7 20.Ne5 f6 21.Nc4 Bxc4 
22.bxc4 Nb6 23.e3 1/2-1/2

[Event "23rd EUR-ch"]
[Site "Vrnjacka Banja SRB"]
[Date "2023.03.11"]
[Round "9.110"]
[White "Alexakis, Dimitris"]
[Black "Bazakutsa, Svyatoslav"]
[Result "0-1"]
[WhiteElo "2472"]
[BlackElo "2335"]
[EventDate "2023.03.03"]
[PlyCount "124"]

1.e4 c5 2.Nf3 Nc6 3.Bb5 e6 4.O-O Nd4 5.Nxd4 cxd4 6.c3 a6 7.Be2 Bc5 8.b4 
Ba7 9.Bb2 Ne7 10.c4 O-O 11.d3 d5 12.exd5 exd5 13.c5 Nc6 14.a3 b6 15.cxb6 
Qxb6 16.Nd2 a5 17.Qb3 Qb5 18.Rfc1 Bf5 19.Nf3 Rfd8 20.Bd1 axb4 21.Qa4 Qxa4 
22.Bxa4 bxa3 23.Bxa3 Na5 24.Bb4 Bb6 25.Ne5 f6 26.g4 Bc8 27.Bxa5 Bxa5 28.
Nc6 Bc3 29.Nxd8 Bxa1 30.Rxa1 Bd7 31.Bxd7 Rxa1+ 32.Kg2 Kf8 33.Nc6 Ra3 34.
Nb4 Ke7 35.Bb5 Kd6 36.Nc2 Rc3 37.Ne1 Ra3 38.h4 Ra5 39.Be8 Ra8 40.Bb5 Kc5 
41.Bd7 Ra7 42.Be6 Kd6 43.Bg8 g6 44.Nf3 Rg7 45.Bxh7 Rxh7 46.Kg3 Kc5 47.g5 
fxg5 48.hxg5 Re7 49.Nh4 Re6 50.Kg4 Kc6 51.f4 Kd7 52.Nf3 Kd6 53.Nxd4 Re3 
54.Nf3 Rxd3 55.Ne5 Re3 56.Nxg6 d4 57.Nh4 Ke6 58.f5+ Kf7 59.Kf4 Re2 60.Kf3 
d3 61.f6 Re1 62.g6+ Kxf6 0-1

[Event "23rd EUR-ch"]
[Site "Vrnjacka Banja SRB"]
[Date "2023.03.11"]
[Round "9.111"]
[White "Velikic, Adela"]
[Black "Bronstein, Or"]
[Result "0-1"]
[WhiteElo "2329"]
[BlackElo "2465"]
[EventDate "2023.03.03"]
[PlyCount "46"]

1.e4 c5 2.Nf3 d6 3.d4 cxd4 4.Nxd4 Nf6 5.Nc3 a6 6.f3 e6 7.Be3 Nbd7 8.g4 h6 
9.Qd2 b5 10.a3 Bb7 11.O-O-O Rc8 12.Rg1 d5 13.exd5 Bxd5 14.g5 hxg5 15.Bxg5 
Qa5 16.Nxd5 Qxd2+ 17.Rxd2 Nxd5 18.a4 Bc5 19.axb5 f6 20.Bc4 N7b6 21.Bxd5 
Nxd5 22.Re1 fxg5 23.Rxe6+ Kf7 0-1

[Event "23rd EUR-ch"]
[Site "Vrnjacka Banja SRB"]
[Date "2023.03.11"]
[Round "9.112"]
[White "Pajeken, Jakob Leon"]
[Black "Fitzsimons, David"]
[Result "1-0"]
[WhiteElo "2465"]
[BlackElo "2338"]
[EventDate "2023.03.03"]
[PlyCount "65"]

1.e4 c5 2.Nf3 e6 3.d4 cxd4 4.Nxd4 Nf6 5.Nc3 Nc6 6.a3 d5 7.exd5 Nxd5 8.Nxc6
bxc6 9.Qd4 Qb6 10.Qxb6 axb6 11.Bd2 Ba6 12.Bxa6 Rxa6 13.O-O-O Be7 14.Ne4 b5
15.Rhe1 Kd7 16.Be3 Kc7 17.Bd4 f6 18.Bc5 Re8 19.Bxe7 Rxe7 20.Nc5 Ra8 21.
Nxe6+ Kb6 22.Nf4 Rxe1 23.Nxd5+ cxd5 24.Rxe1 Ra7 25.Kd2 Kc5 26.Re8 g5 27.
Kd3 Kd6 28.Rf8 Ke5 29.Rb8 Ra4 30.Rb6 Rd4+ 31.Ke3 Re4+ 32.Kd2 Rd4+ 33.Kc1 
1-0

[Event "23rd EUR-ch"]
[Site "Vrnjacka Banja SRB"]
[Date "2023.03.11"]
[Round "9.113"]
[White "Isik, Alparslan"]
[Black "Yurtseven, Melih"]
[Result "1-0"]
[WhiteElo "2462"]
[BlackElo "2327"]
[EventDate "2023.03.03"]
[PlyCount "147"]

1.d4 Nf6 2.c4 e6 3.Nf3 d5 4.Nc3 c6 5.e3 Nbd7 6.b3 Bb4 7.Bd2 Bd6 8.Bd3 O-O 
9.O-O e5 10.cxd5 cxd5 11.e4 exd4 12.Nxd5 Nxd5 13.exd5 h6 14.Nxd4 Be5 15.
Bc3 Nf6 16.Ne6 Bxe6 17.Bxe5 Bxd5 18.Re1 Re8 19.Bb5 Re6 20.Qd4 a6 21.Bf1 
Qe8 22.Rad1 Bc6 23.f3 Nd7 24.Bg3 Nf6 25.Bc4 Rxe1+ 26.Rxe1 Qd7 27.Qxd7 Nxd7
28.Re7 Rf8 29.Bd6 b5 30.Bd3 Rd8 31.Bc7 Rc8 32.Ba5 g6 33.Kf2 Kg7 34.Bc3+ 
Kf8 35.Re1 Bd5 36.Ba5 Kg7 37.Ke3 Nc5 38.Bb1 Nb7 39.Bb6 Re8+ 40.Kd2 Rxe1 
41.Bd4+ f6 42.Kxe1 Kf7 43.Kd2 Nd8 44.Kc3 Nc6 45.Bc5 h5 46.a4 bxa4 47.bxa4 
f5 48.Bd3 a5 49.Bc4 Ke6 50.f4 Nb8 51.Bb6 Nd7 52.Bxa5 Nc5 53.Bxd5+ Kxd5 54.
Kb4 Kc6 55.Ka3 Kd5 56.Bb4 Nd3 57.Bd2 Kc4 58.a5 Nc5 59.Be3 Na6 60.Ka4 Nb4 
61.Bf2 Na6 62.Ba7 Nb4 63.Bb8 Nc6 64.Bc7 h4 65.h3 Nb4 66.Bd6 Nd5 67.a6 Nb6+
68.Ka5 Nc8 69.Bb8 Kd3 70.a7 Nxa7 71.Bxa7 Ke2 72.Bc5 Kf1 73.Be7 Kxg2 74.
Bxh4 1-0

[Event "23rd EUR-ch"]
[Site "Vrnjacka Banja SRB"]
[Date "2023.03.11"]
[Round "9.114"]
[White "Jocev, Milan"]
[Black "Vogel, Roven"]
[Result "1/2-1/2"]
[WhiteElo "2315"]
[BlackElo "2462"]
[EventDate "2023.03.03"]
[PlyCount "148"]

1.d4 Nf6 2.c4 e6 3.g3 d5 4.Nf3 dxc4 5.Bg2 a6 6.a4 Nc6 7.O-O Rb8 8.Nc3 Be7 
9.e3 b5 10.Nd2 Nb4 11.axb5 axb5 12.b3 Nfd5 13.Ne2 cxb3 14.Nxb3 O-O 15.Ba3 
Na6 16.Bxe7 Qxe7 17.Bxd5 exd5 18.Nf4 c6 19.Qc2 Rb6 20.h4 g6 21.Qc3 b4 22.
Qd2 Bf5 23.Rfc1 Qd6 24.Ra4 Rfb8 25.Kg2 Nc7 26.Rca1 Ne6 27.Nxe6 Qxe6 28.f3 
Qf6 29.R1a2 h5 30.Rb2 Bc8 31.Nc5 Qf5 32.Qf2 Qh3+ 33.Kg1 Bf5 34.e4 dxe4 35.
fxe4 Be6 36.Nd3 Qg4 37.Qe1 Qf3 38.Nc5 b3 39.Qf2 Qg4 40.Kh2 Rb4 41.Rxb4 
Rxb4 42.Nxe6 Qxe6 43.Qd2 c5 44.dxc5 Rxe4 45.c6 Qxc6 46.Rxb3 Qe8 47.Rb2 Qe5
48.Kh3 Re3 49.Qd8+ Kg7 50.Rg2 Re1 51.Kh2 Re4 52.Kh3 Rd4 53.Qb6 Rd1 54.Rf2 
Rd3 55.Rg2 Rf3 56.Qb1 Re3 57.Qc2 f5 58.Qd2 f4 59.Qd7+ Kh6 60.Qc8 Qf5+ 61.
Qxf5 gxf5 62.Rf2 f3 63.Ra2 Re1 64.Rf2 Rh1+ 65.Rh2 Rf1 66.Ra2 Kg6 67.Kh2 
Re1 68.Rf2 Re3 69.Kg1 f4 70.gxf4 Kf5 71.Ra2 Kxf4 72.Kf2 Re4 73.Ra3 Re2+ 
74.Kf1 Rb2 1/2-1/2

[Event "23rd EUR-ch"]
[Site "Vrnjacka Banja SRB"]
[Date "2023.03.11"]
[Round "9.115"]
[White "Spyropoulos, Nikolaos"]
[Black "Bodiroga, Predrag"]
[Result "1-0"]
[WhiteElo "2442"]
[BlackElo "2314"]
[EventDate "2023.03.03"]
[PlyCount "113"]

1.e4 c6 2.d4 d5 3.e5 c5 4.dxc5 e6 5.Nf3 Bxc5 6.a3 Nd7 7.b4 Be7 8.Bb2 a5 9.
b5 f6 10.Bd3 Nh6 11.c4 Nxe5 12.Nxe5 fxe5 13.Bxe5 Bf6 14.Bxf6 Qxf6 15.Nd2 
O-O 16.O-O b6 17.Qe2 Bb7 18.Rae1 Rae8 19.cxd5 Bxd5 20.Nc4 Qg5 21.Be4 Nf5 
22.Nxb6 Nd4 23.Qe3 Qxe3 24.fxe3 Rxf1+ 25.Kxf1 Bxe4 26.exd4 Bd3+ 27.Kf2 
Bxb5 28.Re5 Bc6 29.Rc5 Rf8+ 30.Kg3 Be4 31.Rxa5 Rd8 32.Kf2 Rd6 33.Rb5 Kf7 
34.g3 Bd3 35.Rb4 Kf6 36.Ke3 Ba6 37.Na4 e5 38.d5 Bf1 39.Nc3 Ra6 40.a4 Ra5 
41.Ne4+ Kf7 42.Rb7+ Kg6 43.d6 Rxa4 44.d7 Rd4 45.Rb6+ Kf7 46.Nd6+ Ke7 47.
Nf5+ Kxd7 48.Nxd4 exd4+ 49.Kf2 Bh3 50.Rb7+ Ke6 51.Rxg7 Bf5 52.Kf3 Ke5 53.
Re7+ Kf6 54.Re1 Bc2 55.Kf4 h6 56.Ra1 Bg6 57.Ra6+ 1-0

[Event "23rd EUR-ch"]
[Site "Vrnjacka Banja SRB"]
[Date "2023.03.11"]
[Round "9.116"]
[White "Denishev, Marat"]
[Black "Bulmaga, Irina"]
[Result "0-1"]
[WhiteElo "2303"]
[BlackElo "2438"]
[EventDate "2023.03.03"]
[PlyCount "116"]

1.d4 Nf6 2.c4 e6 3.Nf3 d5 4.Nc3 Be7 5.Bg5 h6 6.Bh4 O-O 7.e3 b6 8.cxd5 Nxd5
9.Bg3 Bb7 10.Bd3 Nd7 11.O-O Nxc3 12.bxc3 c5 13.e4 Nf6 14.Qe2 c4 15.Bc2 b5 
16.a4 b4 17.cxb4 Bxb4 18.Qxc4 a5 19.Qe2 Rc8 20.Rfd1 Rc3 21.Bh4 g5 22.Bg3 
Qa8 23.d5 exd5 24.e5 Ba6 25.Bd3 Rxd3 26.Rxd3 Ne4 27.Qd1 Bxd3 28.Qxd3 Qc6 
29.Nd4 Qc4 30.Rd1 Qxd3 31.Rxd3 Rc8 32.h4 Rc3 33.Rd1 Bc5 34.Kh2 Nxg3 35.
fxg3 Bxd4 36.Rxd4 Rc5 37.hxg5 hxg5 38.Rg4 Kf8 39.Rxg5 Ke7 40.Rg8 Rc4 41.
Ra8 Rxa4 42.Ra6 d4 43.Kg1 d3 44.Kf2 Ra2+ 45.Ke3 d2 46.Ke2 a4 47.g4 a3 48.
g5 Kd7 49.g4 Ke7 50.Kd1 Ra1+ 51.Kxd2 a2 52.Kc2 Re1 53.Rxa2 Re2+ 54.Kb3 
Rxa2 55.Kxa2 Ke6 56.Kb3 Kxe5 57.Kc4 Kf4 58.Kd5 Kxg4 0-1

[Event "23rd EUR-ch"]
[Site "Vrnjacka Banja SRB"]
[Date "2023.03.11"]
[Round "9.117"]
[White "Alonso Garcia, Aaron"]
[Black "Shohat, Yotam"]
[Result "1/2-1/2"]
[WhiteElo "2437"]
[BlackElo "2302"]
[EventDate "2023.03.03"]
[PlyCount "33"]

1.e4 c5 2.Nf3 d6 3.d4 cxd4 4.Nxd4 Nf6 5.Nc3 a6 6.Be3 e6 7.a3 Be7 8.Qe2 Qc7
9.g4 b5 10.g5 Nfd7 11.O-O-O Bb7 12.f4 Nc6 13.h4 Rc8 14.Bh3 b4 15.axb4 Nxb4
16.h5 Qa5 17.g6 1/2-1/2

[Event "23rd EUR-ch"]
[Site "Vrnjacka Banja SRB"]
[Date "2023.03.11"]
[Round "9.118"]
[White "Todorovic, Goran N."]
[Black "Celik, Hasan Huseyin"]
[Result "1/2-1/2"]
[WhiteElo "2296"]
[BlackElo "2420"]
[EventDate "2023.03.03"]
[PlyCount "70"]

1.Nf3 d5 2.c4 c6 3.g3 Nf6 4.Bg2 Bf5 5.cxd5 cxd5 6.Qb3 Nc6 7.O-O Qd7 8.d3 
e5 9.Bg5 Be6 10.Bxf6 gxf6 11.Qa4 Be7 12.Rc1 h5 13.Nbd2 Rg8 14.e4 d4 15.a3 
Bd8 16.Nh4 Ne7 17.Qxd7+ Kxd7 18.Bf3 Ng6 19.Nxg6 fxg6 20.Bd1 Ba5 21.b4 Bb6 
22.Ba4+ Ke7 23.Bb3 Bxb3 24.Nxb3 Rgc8 25.Rc4 Rxc4 26.dxc4 Bd8 27.a4 a6 28.
Rc1 Kd7 29.Nc5+ Kc6 30.Nd3 Bc7 31.Kg2 b6 32.h3 f5 33.f3 Rb8 34.Rc2 Bd6 35.
Rc1 Bc7 1/2-1/2

[Event "23rd EUR-ch"]
[Site "Vrnjacka Banja SRB"]
[Date "2023.03.11"]
[Round "9.119"]
[White "Akbas, Umut Ata"]
[Black "Skvortsov, Andrei"]
[Result "1-0"]
[WhiteElo "2419"]
[BlackElo "2298"]
[EventDate "2023.03.03"]
[PlyCount "85"]

1.d4 d5 2.c4 dxc4 3.Nf3 a6 4.e3 Nf6 5.Bxc4 e6 6.O-O c5 7.Bb3 Be7 8.Qe2 Nc6
9.dxc5 Nd7 10.Nd4 Qc7 11.Ba4 Nxc5 12.Nxc6 Bf6 13.Bc2 Qxc6 14.e4 Nd7 15.Kh1
b5 16.f4 Bd4 17.Rd1 e5 18.Bb3 Rb8 19.Nd2 Nf6 20.Nf3 Qxe4 21.Bxf7+ Kf8 22.
Qf1 Ng4 23.Nxd4 Kxf7 24.Nf3 Ke8 25.Nxe5 Nxe5 26.Re1 Qc4 27.Rxe5+ Kf7 28.
Qe1 Rb7 29.b3 Qc6 30.Ba3 Qf6 31.Rd1 Rd8 32.Rxd8 Qxd8 33.h3 Rc7 34.Bb4 Rd7 
35.Rf5+ Kg8 36.Rf8+ Qxf8 37.Bxf8 Kxf8 38.Qe4 Bb7 39.Qf5+ Rf7 40.Qxh7 Rxf4 
41.Qh8+ Kf7 42.Qb8 Rf1+ 43.Kh2 1-0

[Event "23rd EUR-ch"]
[Site "Vrnjacka Banja SRB"]
[Date "2023.03.11"]
[Round "9.120"]
[White "Kochavi, Ori"]
[Black "Ozsac, Samet Harun"]
[Result "0-1"]
[WhiteElo "2417"]
[BlackElo "2293"]
[EventDate "2023.03.03"]
[PlyCount "86"]

1.e4 c5 2.Nf3 d6 3.c3 e6 4.d4 d5 5.e5 Bd7 6.Be2 Nc6 7.O-O Qb6 8.Na3 cxd4 
9.cxd4 Rc8 10.Nc2 Nge7 11.Rb1 Nb4 12.Nxb4 Qxb4 13.a3 Qb6 14.Be3 Nf5 15.Bd3
Be7 16.Bxf5 exf5 17.Bg5 Bxg5 18.Nxg5 h6 19.Nf3 O-O 20.Qd2 Rc4 21.Rbc1 Rfc8
22.Rxc4 Rxc4 23.Rc1 Qc7 24.Rxc4 Qxc4 25.h4 Bb5 26.Kh2 Qf1 27.Kg3 Qh1 28.
Qe1 Bf1 29.e6 Qxg2+ 30.Kf4 Qg4+ 31.Ke5 Qxf3 32.exf7+ Kxf7 33.Qxf1 Qe4+ 34.
Kd6 Qxd4 35.Qc1 Qc4 36.Qd1 Qc6+ 37.Ke5 Qf6+ 38.Kf4 Qxh4+ 39.Ke5 Qf6+ 40.
Kf4 g5+ 41.Kg3 Qe5+ 42.Kg2 Kg6 43.Qb3 b5 0-1

[Event "23rd EUR-ch"]
[Site "Vrnjacka Banja SRB"]
[Date "2023.03.11"]
[Round "9.121"]
[White "Remolar Gallen, Jose"]
[Black "Milikow, Yoav"]
[Result "1/2-1/2"]
[WhiteElo "2290"]
[BlackElo "2416"]
[EventDate "2023.03.03"]
[PlyCount "147"]

1.d4 d5 2.c4 e6 3.Nc3 Bb4 4.a3 Bxc3+ 5.bxc3 Nf6 6.cxd5 exd5 7.e3 O-O 8.Nf3
c5 9.Bd3 Qa5 10.O-O Qxc3 11.dxc5 Nbd7 12.Rb1 Qxc5 13.Rb4 Qe7 14.Bb2 Ne4 
15.Qa1 Ndf6 16.Rb1 a5 17.Rd4 Bf5 18.h3 h6 19.Rd1 Rfd8 20.Bf1 b6 21.Rc1 Nc5
22.Qa2 Be6 23.a4 Rac8 24.Qa3 Nfe4 25.Ba1 Qf8 26.Rb1 Nd7 27.Qb2 Rc5 28.Nd2 
f5 29.Nxe4 fxe4 30.Bb5 Nb8 31.Rbd1 Rdc8 32.R4d2 Nc6 33.f3 Nb4 34.fxe4 Qf7 
35.exd5 Nxd5 36.Rf2 Qe7 37.Rdf1 Rc3 38.Qd2 Rc2 39.Qd4 Rxf2 40.Rxf2 Rc1+ 
41.Bf1 Nxe3 42.Qxe3 Rxa1 43.Re2 Qf7 44.Rf2 Qd7 45.Qxb6 Bc4 46.Qb8+ Kh7 47.
Qf4 Bxf1 48.Rxf1 Rxa4 49.Qf5+ Qxf5 50.Rxf5 Kg6 51.g4 Ra2 52.h4 Kh7 53.h5 
Kg8 54.g5 hxg5 55.Rxg5 Kf7 56.Kf1 a4 57.Ra5 a3 58.Ra6 Ra1+ 59.Kg2 a2 60.
Kh2 Ke7 61.Kg2 Kd7 62.Kh2 Kc7 63.Kg2 Kb7 64.Ra3 Kb6 65.Kh2 Kb5 66.Kg2 Kb4 
67.Ra8 Kc3 68.Rc8+ Kd4 69.Ra8 Ke4 70.Ra7 Kf4 71.Kh2 Kf3 72.Rf7+ Ke4 73.Ra7
Ke5 74.Kg2 1/2-1/2

[Event "23rd EUR-ch"]
[Site "Vrnjacka Banja SRB"]
[Date "2023.03.11"]
[Round "9.122"]
[White "Kalezic, Blazo"]
[Black "Gunduz, Umut Erdem"]
[Result "1/2-1/2"]
[WhiteElo "2415"]
[BlackElo "2286"]
[EventDate "2023.03.03"]
[PlyCount "150"]

1.e4 e5 2.Nf3 Nc6 3.Bb5 a6 4.Ba4 Nf6 5.O-O Be7 6.Re1 b5 7.Bb3 O-O 8.a4 b4 
9.d3 d6 10.a5 Rb8 11.Bc4 Be6 12.Nbd2 Bxc4 13.Nxc4 h6 14.c3 bxc3 15.bxc3 
Rb5 16.Bd2 Nd7 17.d4 Bf6 18.d5 Ne7 19.Na3 Rb7 20.Nc2 c6 21.c4 cxd5 22.cxd5
Nc5 23.Qe2 Qb8 24.Na3 Nxd5 25.exd5 e4 26.Rab1 exf3 27.Qxf3 Rb3 28.Qg4 Qc8 
29.Qxc8 Rxc8 30.Rxb3 Nxb3 31.Bf4 Rc5 32.Rd1 Rxa5 33.Bxd6 Nd4 34.Kf1 Rxd5 
35.Bb4 Rh5 36.Bc3 Rxh2 37.Rxd4 Bxd4 38.Bxd4 Rh4 39.Nc2 Re4 40.f3 Re6 41.
Ne3 h5 42.Ke2 Kh7 43.Kd3 h4 44.Nd5 a5 45.Bf2 a4 46.Bxh4 a3 47.Nb4 Ra6 48.
Nc2 a2 49.Na1 Rg6 50.g4 f5 51.g5 Rd6+ 52.Kc2 f4 53.Be1 Kg6 54.Bc3 Rd7 55.
Kb2 Kxg5 56.Kxa2 Kh4 57.Nc2 Kg3 58.Nd4 g6 59.Nc6 Rc7 60.Be1+ Kxf3 61.Ne5+ 
Ke2 62.Nxg6 f3 63.Nh4 f2 64.Bxf2 Kxf2 65.Nf5 Rd7 66.Kb3 Kf3 67.Kc4 Ke4 68.
Ng3+ Kf4 69.Ne2+ Ke3 70.Nc3 Rc7+ 71.Kb4 Kd3 72.Nb5 Rc1 73.Na3 Rc8 74.Nb5 
Rc4+ 75.Ka5 Rc5 1/2-1/2